000 00635nam a22002297a 4500
003 UA-OsUOA
001 95068
007 ta
008 20130225b un ||||| |||| 00| 0 ukr d
100 _aЗябрев А.
090 _a821.161.1
_bЗ-99
942 _cBK
040 _aUA-OsUOA
_brus
_cUA-OsUOA
_dUA-OsUOA
245 _aСам себе король
_bповести, рассказы
300 _a445 с.
955 _a3
041 _arus
080 _a821.161.1
260 _aМ.
_bСоветский писатель
_c1987
650 7 _a82 Література. Літературознавство
_2UDC
999 _c381312
_d381312